Taliančina konverzácia

Bibliographic Details
Format: Book
Language:Slovak
Italian
PhysicalDescription:191 strán fotografie 14 cm
Published: Bratislava Lingea 2024
ISBN:9788081453632
Edition:3. vydanie
Subjects:

MARC

LEADER 00000cam a2200000 4500
001 vtls012279600
003 SK-MaSNL
005 20260301110253.0
008 250715s2024 xo o grfd 001 0 slo
015 |a SNBA2025/09 
020 |a 9788081453632  |q (brožované) 
040 |a SNK  |b slo  |c SNK  |e rda 
041 0 |a slo  |a ita 
044 |a xo  |c SK 
072 7 |a 81  |x Lingvistika. Jazyky  |2 konspekt 
245 0 0 |a Taliančina  |b konverzácia  |c vytvoril autorský kolektív pracovníkov Lingea 
246 1 |i Názov na rube titulného listu:  |a Lingea konverzácia EE slovensko-talianska 
246 1 |i Obálkový podnázov:  |a S nami sa dohovoríte 
250 |a 3. vydanie 
264 1 |a Bratislava  |b Lingea  |c 2024 
300 |a 191 strán  |b fotografie  |c 14 cm 
336 |a text  |b txt  |2 rdacontent 
337 |a bez média  |b n  |2 rdamedia 
338 |a zväzok  |b nc  |2 rdacarrier 
504 |a Obsahuje register ; slovník 
546 |a Čiastočný text v taliančine 
650 0 7 |a taliančina  |2 SNKPH  |9 1518 
650 0 7 |a slovenčina  |2 SNKPH  |9 1350 
650 0 7 |a konverzácia  |2 SNKPH  |9 49849 
650 0 7 |a Slovak language  |2 SNKPHeng  |9 266031 
650 0 7 |a Conversation, terms and phrases  |2 SNKPHeng  |9 314419 
650 0 7 |a Italian language  |2 SNKPHeng  |9 329901 
655 7 |a príručky  |2 SNKPH  |9 74364 
655 7 |a Handbooks, manuals, etc.  |2 SNKPHeng  |9 90964 
655 7 |a dvojjazyčné prekladové slovníky  |2 SNKPH  |9 70744 
655 7 |a Bilingual translation dictionaries  |2 SNKPHeng  |9 287935 
852 |a Slovenská národná knižnica 
919 |a 978-80-8145-363-2 
954 |a odborná, vedecká literatúra pôvodná (slovenská)  |2 lita 
999 |c 702813  |d 704743 
952 |a SNK  |b SNK  |y PREZ  |7 0  |p 17A1576173  |o snkSE 14417  |i snk2025/11354  |8 0  |0 0  |1 0  |4 0  |d 2025-07-15  |f 1  |l 0  |r 2026-02-23 21:04:30  |w 2026-02-23